The hound of Baskervilles / (Record no. 34620)
[ view plain ]
| 000 -LEADER | |
|---|---|
| fixed length control field | 00786cam a22002895a 4500 |
| 001 - CONTROL NUMBER | |
| control field | 15096632 |
| 003 - CONTROL NUMBER IDENTIFIER | |
| control field | OSt |
| 005 - DATE AND TIME OF LATEST TRANSACTION | |
| control field | 20140310184453.0 |
| 008 - FIXED-LENGTH DATA ELEMENTS--GENERAL INFORMATION | |
| fixed length control field | 071128s2007 wyu 000 0 eng |
| 010 ## - LIBRARY OF CONGRESS CONTROL NUMBER | |
| LC control number | 2007942279 |
| 020 ## - INTERNATIONAL STANDARD BOOK NUMBER | |
| International Standard Book Number | 0721407196 |
| 040 ## - CATALOGING SOURCE | |
| Original cataloging agency | DLC |
| Transcribing agency | DLC |
| 050 ## - LIBRARY OF CONGRESS CALL NUMBER | |
| Classification number | PL 4780.9 |
| Item number | .D754 2007 |
| 100 1# - MAIN ENTRY--PERSONAL NAME | |
| Personal name | Doyle, Arthur Conan, |
| Titles and other words associated with a name | Sir, |
| Dates associated with a name | 1859-1930. |
| 9 (RLIN) | 6246 |
| 245 14 - TITLE STATEMENT | |
| Title | The hound of Baskervilles / |
| Statement of responsibility, etc | Arthur Conan Doyle.retold by henry brook |
| 250 ## - EDITION STATEMENT | |
| Edition statement | 1st ed. |
| 260 ## - PUBLICATION, DISTRIBUTION, ETC. (IMPRINT) | |
| Place of publication, distribution, etc | Jackson Hole, WY : |
| Name of publisher, distributor, etc | Archeion Press, LLC, |
| Date of publication, distribution, etc | 2007. |
| 263 ## - PROJECTED PUBLICATION DATE | |
| Projected publication date | 0711 |
| 300 ## - PHYSICAL DESCRIPTION | |
| Extent | 152 p. cm. |
| Dimensions | 18 |
| 521 ## - TARGET AUDIENCE NOTE | |
| Target audience note | |
| 526 ## - STUDY PROGRAM INFORMATION NOTE | |
| Reading level | 1090 |
| 906 ## - LOCAL DATA ELEMENT F, LDF (RLIN) | |
| a | 0 |
| b | ibc |
| c | orignew |
| d | 2 |
| e | epcn |
| f | 20 |
| g | y-gencatlg |
| 942 ## - ADDED ENTRY ELEMENTS (KOHA) | |
| Source of classification or shelving scheme | Library of Congress Classification |
| Koha item type | |
| Withdrawn status | Lost status | Source of classification or shelving scheme | Damaged status | Home library | Current library | Shelving location | Date acquired | Total Checkouts | Full call number | Barcode | Date last seen | Copy number | Price effective from | Koha item type |
|---|---|---|---|---|---|---|---|---|---|---|---|---|---|---|
| Library of Congress Classification | Luxembourg Library | Luxembourg Library | Scholastic Reading Center Section | 10/11/2013 | PL 4780.9 .D754 2007 | LEX1322 | 10/26/2018 | 1 | 10/11/2013 | Books |